Pokémon - Les attaques de Floette - Statistiques

Statistiques générales
  • Ce quiz a été pris 13 fois
  • Le résultat moyen est 10 sur 14
Statistiques - réponses
Niveaux Types Noms des attaques % Correct
Niveau 46 Fée Pouvoir Lunaire
100%
Départ Normal Charge
86%
Niveau 25 Plante Feuille Magik
86%
Niveau 33 Plante Tempête Florale
86%
Niveau 15 Plante Tranch'Herbe
86%
Départ Niveau 6 Fée Vent Féérique
86%
Niveau 38 Plante Aromathérapie
71%
Niveau 43 Fée Champ Brumeux
71%
Niveau 27 Plante Champ Herbu
71%
Départ Plante Fouet Lianes
71%
Niveau 58 Plante Lance-Soleil
71%
Niveau 10 Normal Air Veinard
43%
Niveau 51 Plante Danse-Fleur
43%
Niveau 20 Normal Vœu
43%
Aucun quiz correspondant
Distribution des résultats
% des personnes avec chaque résultat
Percentile par nombre de réponses
Votre historique - résultats
Vous n’avez pas pris ce quiz